E-kereskedelem, a Vatera.hu mint online piactér bemutatása

Bibliográfiai részletek
Szerző: Végh Dénes
További közreműködők: Németh Dr. Patrícia
Dokumentumtípus: Záródolgozat
Kulcsszavak:Internet
E-kereskedelem
Vatera.hu
Weboldal, aukciós
Weboldal, elemzés
Felmérés, kérdőíves
Online Access:http://dolgozattar.uni-bge.hu/59416

MARC

LEADER 00000nta a2200000 i 4500
001 dolg59416
005 20260115121802.0
008 260115suuuu hu o 000 hun d
040 |a BGE Dolgozattár Repozitórium  |b hun 
041 |a hu 
100 1 |a Végh Dénes 
245 1 0 |a E-kereskedelem, a Vatera.hu mint online piactér bemutatása  |c Végh Dénes  |h [elektronikus dokumentum] 
516 |a Final_paper 
695 |a Internet 
695 |a E-kereskedelem 
695 |a Vatera.hu 
695 |a Weboldal, aukciós 
695 |a Weboldal, elemzés 
695 |a Felmérés, kérdőíves 
700 1 |a Németh Dr. Patrícia  |e ths 
856 4 0 |u http://dolgozattar.uni-bge.hu/59416/1/Vegh-Denes.pdf  |z Dokumentum-elérés